An integrated regression analysis and time series model for construction tender price index forecasting (Record no. 117692)
[ view plain ]
| 000 -LEADER | |
|---|---|
| fixed length control field | 01522cam a2200289 4500 |
| 001 - CONTROL NUMBER | |
| control field | ABS67995 |
| 008 - FIXED-LENGTH DATA ELEMENTS--GENERAL INFORMATION | |
| fixed length control field | 040714n2004 000 0 eng u |
| 035 ## - SYSTEM CONTROL NUMBER | |
| System control number | (Sirsi) u126771 |
| 100 ## - MAIN ENTRY--PERSONAL NAME | |
| Personal name | Ng, S. |
| 245 #3 - TITLE STATEMENT | |
| Title | An integrated regression analysis and time series model for construction tender price index forecasting |
| 260 ## - PUBLICATION, DISTRIBUTION, ETC. | |
| Date of publication, distribution, etc. | 2004 |
| 490 ## - SERIES STATEMENT | |
| Series statement | Construction Management and Economics |
| Volume/sequential designation | (22) June 2004, 483-493(11) |
| 520 ## - SUMMARY, ETC. | |
| Summary, etc. | Looks at how clients can be kept informed of their likely future financial commitments and cost implications as the project design evolves. Suggests this requires estimation of building cost based on historic cost data which is updated by a forecasted tender price index. The reliability of the estimates depends on accurate projections being obtained for the forthcoming quarters. However, prediction of such price movement requires accurate judgment of future market conditions, such as inflation. Analyses the use of an integrated regression analysis and time series model to aid prediction of future costs. Tables, diagrams, formulae, graphs and references. |
| 590 ## - LOCAL NOTE (RLIN) | |
| Local note | ABS |
| 590 ## - LOCAL NOTE (RLIN) | |
| Local note | ABS |
| 650 ## - SUBJECT ADDED ENTRY--TOPICAL TERM | |
| Topical term or geographic name entry element | COST ESTIMATES |
| 650 ## - SUBJECT ADDED ENTRY--TOPICAL TERM | |
| Topical term or geographic name entry element | TENDER PRICE FORECAST |
| 650 ## - SUBJECT ADDED ENTRY--TOPICAL TERM | |
| Topical term or geographic name entry element | TIME SERIES ANALYSIS |
| 650 ## - SUBJECT ADDED ENTRY--TOPICAL TERM | |
| Topical term or geographic name entry element | REGRESSION ANALYSIS |
| 650 ## - SUBJECT ADDED ENTRY--TOPICAL TERM | |
| Topical term or geographic name entry element | TENDER PRICE INDICES |
| 650 ## - SUBJECT ADDED ENTRY--TOPICAL TERM | |
| Topical term or geographic name entry element | BUILDING COST INDICES |
| 690 ## - LOCAL SUBJECT ADDED ENTRY--TOPICAL TERM (OCLC, RLIN) | |
| Topical term or geographic name as entry element | BUILDING AND CONSTRUCTION-PROCUREMENT, PARTNERING, TENDERING |
| 700 ## - ADDED ENTRY--PERSONAL NAME | |
| Personal name | Cheung, S. |
| 700 ## - ADDED ENTRY--PERSONAL NAME | |
| Personal name | Skitmore, M. |
| 700 ## - ADDED ENTRY--PERSONAL NAME | |
| Personal name | Wong, T. |
| 942 ## - ADDED ENTRY ELEMENTS (KOHA) | |
| Suppress in OPAC | 0 |
| Withdrawn status | Lost status | Source of classification or shelving scheme | Damaged status | Not for loan | Home library | Current library | Shelving location | Date acquired | Total Checkouts | Full call number | Barcode | Date last seen | Copy number | Price effective from | Koha item type |
|---|---|---|---|---|---|---|---|---|---|---|---|---|---|---|---|
| Dewey Decimal Classification | London | London | Journal article | 14/07/2004 | ABS67995 | 126771-1001 | 06/08/2019 | 1 | 06/08/2019 | Journal article |